Landlocked Nations Challenge - Statistics

General Stats
  • This quiz has been taken 24 times
  • The average score is 42 of 45
Answers on the Map
Answers color-coded by a green-red scale on the quiz's map according to % correct below.
 
Answer Stats
Answer % Correct
Chad
100%
Niger
100%
Afghanistan
95%
Andorra
95%
Austria
95%
Belarus
95%
Bolivia
95%
Burkina Faso
95%
Burundi
95%
Central African Republic
95%
Czech Republic
95%
Hungary
95%
Kazakhstan
95%
Kosovo
95%
Kyrgyzstan
95%
Laos
95%
Luxembourg
95%
Mali
95%
Moldova
95%
Mongolia
95%
Nepal
95%
North Macedonia
95%
Paraguay
95%
Rwanda
95%
San Marino
95%
Serbia
95%
Slovakia
95%
Switzerland
95%
Tajikistan
95%
Turkmenistan
95%
Uganda
95%
Uzbekistan
95%
Zambia
95%
Zimbabwe
95%
Armenia
91%
Bhutan
91%
Eswatini
91%
Ethiopia
91%
Lesotho
91%
South Sudan
91%
Vatican City
91%
Azerbaijan
86%
Malawi
86%
Botswana
82%
Liechenstien
5%
No matching quizzes found
Score Distribution
Percent of People with Each Score
Percentile by Number Answered
Your Score History
You have not taken this quiz